000 00332nmm a2200145 a 4500
003 AR-BaBNM
005 20251128202659.0
008 073119s1959 ||||||||||||||000 | spa||
040 _cAR-BaBNM
100 1 _aStern, Karl
245 1 0 _aLa tercera revolución
260 _a[S.l.]
_bCriterio
_c1959
942 _cBK
998 _cArchipretre
999 _c101
_d101